00907nam 2200193 45000010005000000900009000051000041000141010008000552000220000632100045002832150023003286010062003516060092004136060028005056070020005336080031005538010020005849950109006045979 a5979 a20190729k u||y0frey50 ba afre aEncore un Noël sans nos êtres chers, plus de cent enfants disparus en Argentine, où sont-ils ? Aidez-nous à la retrouverbBrochureedes témoignages, des informations, des propositions d'action, des lettres aGenèvecJ.-L. Baumgartnerd1982 déc. a39 p.cill.d21 cm 96820aGrands-mères de la place de MaiyArgentinez1977- 96821aArgentine 1976-1983 : Dictature militaire Processus de réorganisation nationale 91411aDroits de l'homme 91862aArgentine 91853aRecueil de documents aCHbCH-002049-8 10203052026-04-2896944bARCHICcARCHICeBrochuresf7815hComité Mémoire et JusticekBroch 2695o1